书目信息 |
| 题名: |
苏南冲突研究
|
|
| 作者: | 郝承敦 著 | |
| 分册: | ||
| 出版信息: | 上海 学林出版社 2007 |
|
| 页数: | 268页 | |
| 开本: | 21cm | |
| 丛书名: | ||
| 单 册: | ||
| 中图分类: | D51 | |
| 科图分类: | ||
| 主题词: | 国际政治 , 矛盾 , 国际共产主义运动--矛盾--研究--苏联--南斯拉夫 | |
| 电子资源: | ||
| ISBN: | 978-7-80730-316-9 | |
| 000 | 00849nam0 2200253 450 | |
| 001 | 1250257038 | |
| 005 | 20121005135924.62 | |
| 010 | @a978-7-80730-316-9@dCNY20.00 | |
| 100 | @a20070226d2007 emky0chiy50 ea | |
| 101 | 0 | @achi |
| 102 | @aCN@b310000 | |
| 105 | @ay z 000yy | |
| 106 | @ar | |
| 200 | 1 | @a苏南冲突研究@f郝承敦著@Asu nan chong tu yan jiu |
| 210 | @a上海@c学林出版社@d2007 | |
| 215 | @a268页@d21cm | |
| 330 | @a本书分六章介绍了:战时的合作与矛盾、战后初期的友谊与摩擦、冲突的爆发、东欧地区的“红色恐怖”、南斯拉夫的不结盟道路、南斯拉夫的自治社会主义等。 | |
| 606 | 0 | @a国际政治 |
| 606 | 0 | @a矛盾 |
| 606 | 0 | @a国际共产主义运动@x矛盾@x研究@y苏联@y南斯拉夫 |
| 690 | @aD51@v4 | |
| 701 | 0 | @a郝承敦@f(1958~)@4著@Ahao cheng dun |
| 801 | 0 | @aCN@b大连网信软件有限公司图书馆·11@c20121005 |
| 905 | @a10447@dD51@eJY27 | |
| 苏南冲突研究/郝承敦著.-上海:学林出版社,2007 |
| 268页;21cm |
| ISBN 978-7-80730-316-9:CNY20.00 |
| 本书分六章介绍了:战时的合作与矛盾、战后初期的友谊与摩擦、冲突的爆发、东欧地区的“红色恐怖”、南斯拉夫的不结盟道路、南斯拉夫的自治社会主义等。 |
| ● |
| 相关链接 |
|
|
|
|
正题名:苏南冲突研究
索取号:D51/JY27
 
预约/预借
| 序号 | 登录号 | 条形码 | 馆藏地/架位号 | 状态 | 备注 |
| 1 | 7811807 | 278118074 | 学院路分馆/ [索取号:D51/JY27] | 在馆 | |
| 2 | 7811808 | 278118083 | 学院路分馆/ [索取号:D51/JY27] | 在馆 |